Golden State Warriors - Allgemeinwissen - Statistiken

Allgemein
  • Dieses Quiz wurde 19 mal gespielt
    10 seit der letzten Aktualisierung
  • Das Durchschnittsergebnis liegt bei 6 aus 15
Antwortstatistiken
Hint Antwort % Korrekt
Wann war der letzte davon? 2021-22
89%
In welchem Jahr stellten sie den Regular Season Rekord auf für die meisten Siege? 2015-16
78%
Wer ist der bekannteste Spieler der GSW? Wardell Stephen Curry II
78%
Wie viele Spiele haben sie gewonnen? 73
67%
Gegen wen gewannen sie in diesen Finals? Boston Celtics
67%
Wo steht das Stadion? San Francisco, Kalifornien
67%
Wie viele Titel gewann Golden State? 12
33%
Wie heißt das Stadion der GSW? Chase Center
33%
Wann gewann GS ihren ersten Titel? 1955-56
22%
Wer ist der neusten Spieler? (Stand Februar 2025) Jimmy Butler
22%
Wer hat den Rekord für die meisten 3pt in der NBA? Klay Thompson
22%
Gegen wen gewannen sie? Fort Wayne Pistons
11%
Gegen wen hatte GSW ihr bekanntes Comeback in den Playoffs? Los Angeles Clippers
0%
Wer ist der aktuelle Sarting-Shooting-Guard? Moses Moody, Brandin Podziemski
0%
Wie hießen sie, bevor sie zu den Golden State Warriors wurden? San Francisco Warriors, Philadelphia Warriors
0%
Keine übereinstimmenden Quizze gefunden
Verteilung der Resultate
Anzahl Personen mit jedem Resultat
Perzentil nach korrekt beantworteten Fragen
Ihre Resultats-Entwicklung
Sie haben dieses Quiz seit der letzten Aktualisierung nicht gespielt